<?xml version="1.0" encoding="UTF-8"?>
<record
    xmlns:xsi="http://www.w3.org/2001/XMLSchema-instance"
    xsi:schemaLocation="http://www.loc.gov/MARC21/slim http://www.loc.gov/standards/marcxml/schema/MARC21slim.xsd"
    xmlns="http://www.loc.gov/MARC21/slim">

  <leader>03068nam a22003137a 4500</leader>
  <controlfield tag="003">NALT</controlfield>
  <controlfield tag="005">20240514132729.0</controlfield>
  <controlfield tag="008">211130b        th ||||| |||| 00| j tha d</controlfield>
  <datafield tag="020" ind1=" " ind2=" ">
    <subfield code="a">9743226907</subfield>
  </datafield>
  <datafield tag="040" ind1=" " ind2=" ">
    <subfield code="a">NALT</subfield>
  </datafield>
  <datafield tag="041" ind1=" " ind2=" ">
    <subfield code="a">tha</subfield>
  </datafield>
  <datafield tag="050" ind1=" " ind2=" ">
    <subfield code="a">AC 159</subfield>
    <subfield code="b">&#xE27;617&#xE04; 2545</subfield>
  </datafield>
  <datafield tag="100" ind1="0" ind2=" ">
    <subfield code="9">54981</subfield>
    <subfield code="a">&#xE27;&#xE34;&#xE19;&#xE19;&#xE35;&#xE48; &#xE40;&#xE14;&#xE2D;&#xE30; &#xE1B;&#xE38;&#xE4A;</subfield>
  </datafield>
  <datafield tag="245" ind1="1" ind2="0">
    <subfield code="a">&#xE04;&#xE49;&#xE19;&#xE04;&#xE27;&#xE49;&#xE32;&#xE21;&#xE32;&#xE04;&#xE38;&#xE22; /</subfield>
    <subfield code="c"> &#xE42;&#xE14;&#xE22; &#xE27;&#xE34;&#xE19;&#xE19;&#xE35;&#xE48; &#xE40;&#xE14;&#xE2D;&#xE30; &#xE1B;&#xE38;&#xE4A;.</subfield>
  </datafield>
  <datafield tag="250" ind1=" " ind2=" ">
    <subfield code="a">&#xE1E;&#xE34;&#xE21;&#xE1E;&#xE4C;&#xE23;&#xE27;&#xE21;&#xE40;&#xE25;&#xE48;&#xE21;&#xE04;&#xE23;&#xE31;&#xE49;&#xE07;&#xE41;&#xE23;&#xE01;.</subfield>
  </datafield>
  <datafield tag="260" ind1=" " ind2=" ">
    <subfield code="a">&#xE01;&#xE23;&#xE38;&#xE07;&#xE40;&#xE17;&#xE1E;&#xE2F; :</subfield>
    <subfield code="b">&#xE21;&#xE15;&#xE34;&#xE0A;&#xE19;,</subfield>
    <subfield code="c">2545.</subfield>
  </datafield>
  <datafield tag="300" ind1=" " ind2=" ">
    <subfield code="a">175 &#xE2B;&#xE19;&#xE49;&#xE32; :</subfield>
    <subfield code="b">&#xE20;&#xE32;&#xE1E;&#xE1B;&#xE23;&#xE30;&#xE01;&#xE2D;&#xE1A; ;</subfield>
    <subfield code="c">18 &#xE0B;&#xE21;.</subfield>
  </datafield>
  <datafield tag="505" ind1="0" ind2=" ">
    <subfield code="a">&#xE27;&#xE23;&#xE23;&#xE13;&#xE01;&#xE23;&#xE23;&#xE21; : &#xE2B;&#xE19;&#xE31;&#xE07;&#xE2A;&#xE37;&#xE2D;&#xE14;&#xE35;&#xE17;&#xE35;&#xE48;&#xE19;&#xE48;&#xE32;&#xE2D;&#xE48;&#xE32;&#xE19; -- &#xE1F;&#xE37;&#xE49;&#xE19;&#xE04;&#xE27;&#xE32;&#xE21;&#xE2B;&#xE25;&#xE31;&#xE07;&#xE2B;&#xE19;&#xE31;&#xE07;&#xE2A;&#xE37;&#xE2D;&#xE40;&#xE14;&#xE47;&#xE01; -- &#xE19;&#xE31;&#xE01;&#xE40;&#xE02;&#xE35;&#xE22;&#xE19;&#xE40;&#xE01;&#xE48;&#xE32;&#xE23;&#xE38;&#xE48;&#xE19;&#xE1A;&#xE38;&#xE01;&#xE40;&#xE1A;&#xE34;&#xE01; -- &#xE41;&#xE1F;&#xE19;&#xE1E;&#xE31;&#xE19;&#xE18;&#xE38;&#xE4C;&#xE41;&#xE17;&#xE49;&#xE02;&#xE2D;&#xE07;&#xE2B;&#xE21;&#xE35;&#xE1E;&#xE39;&#xE2B;&#xE4C;&#xE41;&#xE25;&#xE30;&#xE2B;&#xE19;&#xE39;&#xE19;&#xE49;&#xE2D;&#xE22;&#xE2D;&#xE25;&#xE34;&#xE28; -- &#xE2A;&#xE34;&#xE49;&#xE19;&#xE22;&#xE38;&#xE04;&#xE01;&#xE32;&#xE23;&#xE4C;&#xE15;&#xE39;&#xE19;&#xE1E;&#xE35;&#xE19;&#xE31;&#xE17;&#xE2A;&#xE4C; -- &#xE1A;&#xE31;&#xE19;&#xE40;&#xE17;&#xE34;&#xE07; : &#xE27;&#xE07;&#xE23;&#xE47;&#xE2D;&#xE01;&#xE2D;&#xE21;&#xE15;&#xE30; -- &#xE1D;&#xE39;&#xE07;&#xE41;&#xE21;&#xE27;&#xE40;&#xE2B;&#xE21;&#xE35;&#xE22;&#xE27;&#xE25;&#xE32;&#xE42;&#xE23;&#xE07; -- &#xE25;&#xE30;&#xE04;&#xE23;&#xE2A;&#xE31;&#xE15;&#xE27;&#xE4C;&#xE41;&#xE19;&#xE27;&#xE43;&#xE2B;&#xE21;&#xE48; -- &#xE2A;&#xE1B;&#xE35;&#xE25;&#xE40;&#xE1A;&#xE34;&#xE23;&#xE4C;&#xE01;&#xE44;&#xE14;&#xE49;&#xE40;&#xE1B;&#xE47;&#xE19;&#xE17;&#xE48;&#xE32;&#xE19;&#xE40;&#xE0B;&#xE2D;&#xE23;&#xE4C; -- &#xE23;&#xE33;&#xE25;&#xE36;&#xE01;&#xE16;&#xE36;&#xE07;&#xE04;&#xE39;&#xE1A;&#xE23;&#xE34;&#xE04; -- &#xE2B;&#xE19;&#xE31;&#xE07;&#xE17;&#xE35;&#xE48;&#xE21;&#xE35;&#xE40;&#xE2A;&#xE19;&#xE48;&#xE2B;&#xE4C; -- &#xE2A;&#xE38;&#xE14;&#xE22;&#xE2D;&#xE14;&#xE2B;&#xE19;&#xE31;&#xE07;&#xE2A;&#xE33;&#xE2B;&#xE23;&#xE31;&#xE1A;&#xE40;&#xE14;&#xE47;&#xE01; -- &#xE2A;&#xE38;&#xE14;&#xE22;&#xE2D;&#xE14;&#xE2B;&#xE19;&#xE31;&#xE07;&#xE40;&#xE02;&#xE22;&#xE48;&#xE32;&#xE02;&#xE27;&#xE31;&#xE0D; -- &#xE2B;&#xE19;&#xE31;&#xE07;&#xE01;&#xE33;&#xE25;&#xE31;&#xE07;&#xE20;&#xE32;&#xE22;&#xE43;&#xE19;&#xE44;&#xE14;&#xE49;&#xE15;&#xE38;&#xE4A;&#xE01;&#xE15;&#xE32;&#xE17;&#xE2D;&#xE07; -- &#xE21;&#xE2D;&#xE07;&#xE2B;&#xE19;&#xE31;&#xE07;&#xE22;&#xE2D;&#xE14;&#xE40;&#xE22;&#xE35;&#xE48;&#xE22;&#xE21;&#xE1B;&#xE23;&#xE30;&#xE08;&#xE33;&#xE1B;&#xE35; -- &#xE14;&#xE32;&#xE23;&#xE32;&#xE40;&#xE08;&#xE49;&#xE32;&#xE1A;&#xE17;&#xE1A;&#xE32;&#xE17;&#xE02;&#xE2D;&#xE07;&#xE2E;&#xE2D;&#xE25;&#xE25;&#xE35;&#xE27;&#xE39;&#xE49;&#xE14; -- &#xE14;&#xE32;&#xE23;&#xE32;&#xE02;&#xE32;&#xE22;&#xE14;&#xE35;&#xE02;&#xE2D;&#xE07;&#xE2E;&#xE2D;&#xE25;&#xE25;&#xE35;&#xE27;&#xE39;&#xE49;&#xE14; -- &#xE17;&#xE31;&#xE48;&#xE27;&#xE44;&#xE1B; : &#xE40;&#xE23;&#xE37;&#xE48;&#xE2D;&#xE07;&#xE2B;&#xE25;&#xE2D;&#xE01;&#xE25;&#xE27;&#xE07;&#xE23;&#xE30;&#xE14;&#xE31;&#xE1A;&#xE42;&#xE25;&#xE01; -- &#xE40;&#xE04;&#xE23;&#xE37;&#xE2D;&#xE02;&#xE48;&#xE32;&#xE22;&#xE2A;&#xE34;&#xE48;&#xE07;&#xE01;&#xE48;&#xE2D;&#xE2A;&#xE23;&#xE49;&#xE32;&#xE07;&#xE21;&#xE2B;&#xE31;&#xE28;&#xE08;&#xE23;&#xE23;&#xE22;&#xE4C; -- &#xE15;&#xE32;&#xE21;&#xE23;&#xE2D;&#xE22;&#xE2A;&#xE31;&#xE15;&#xE27;&#xE4C;&#xE14;&#xE36;&#xE01;&#xE14;&#xE33;&#xE1A;&#xE23;&#xE23;&#xE1E;&#xE4C; -- &#xE41;&#xE2B;&#xE25;&#xE48;&#xE07;&#xE02;&#xE48;&#xE32;&#xE27;&#xE25;&#xE36;&#xE01;&#xE25;&#xE31;&#xE1A;&#xE43;&#xE19;&#xE01;&#xE23;&#xE13;&#xE35;&#xE27;&#xE2D;&#xE40;&#xE15;&#xE2D;&#xE23;&#xE4C;&#xE40;&#xE01;&#xE15; -- &#xE22;&#xE2D;&#xE14;&#xE19;&#xE31;&#xE01;&#xE01;&#xE35;&#xE2C;&#xE32;&#xE27;&#xE31;&#xE22;&#xE2B;&#xE19;&#xE38;&#xE48;&#xE21;&#xE2A;&#xE32;&#xE27; -- &#xE01;&#xE32;&#xE23;&#xE40;&#xE23;&#xE35;&#xE22;&#xE19;&#xE41;&#xE19;&#xE27;&#xE28;&#xE34;&#xE25;&#xE1B;&#xE28;&#xE32;&#xE2A;&#xE15;&#xE23;&#xE4C;&#xE43;&#xE19;&#xE21;&#xE2B;&#xE32;&#xE27;&#xE34;&#xE17;&#xE22;&#xE32;&#xE25;&#xE31;&#xE22;&#xE2D;&#xE40;&#xE21;&#xE23;&#xE34;&#xE01;&#xE31;&#xE19;.</subfield>
  </datafield>
  <datafield tag="650" ind1=" " ind2="4">
    <subfield code="9">545</subfield>
    <subfield code="a">&#xE23;&#xE27;&#xE21;&#xE40;&#xE23;&#xE37;&#xE48;&#xE2D;&#xE07;</subfield>
  </datafield>
  <datafield tag="650" ind1=" " ind2="4">
    <subfield code="9">52426</subfield>
    <subfield code="a">&#xE23;&#xE27;&#xE21;&#xE40;&#xE23;&#xE37;&#xE48;&#xE2D;&#xE07;</subfield>
    <subfield code="x">&#xE1B;&#xE23;&#xE30;&#xE27;&#xE31;&#xE15;&#xE34;&#xE41;&#xE25;&#xE30;&#xE27;&#xE34;&#xE08;&#xE32;&#xE23;&#xE13;&#xE4C;</subfield>
  </datafield>
  <datafield tag="650" ind1=" " ind2="4">
    <subfield code="9">19255</subfield>
    <subfield code="a">&#xE27;&#xE23;&#xE23;&#xE13;&#xE01;&#xE23;&#xE23;&#xE21;</subfield>
    <subfield code="x">&#xE1B;&#xE23;&#xE30;&#xE27;&#xE31;&#xE15;&#xE34;&#xE41;&#xE25;&#xE30;&#xE27;&#xE34;&#xE08;&#xE32;&#xE23;&#xE13;&#xE4C;</subfield>
  </datafield>
  <datafield tag="650" ind1=" " ind2="4">
    <subfield code="9">40369</subfield>
    <subfield code="a">&#xE20;&#xE32;&#xE1E;&#xE22;&#xE19;&#xE15;&#xE23;&#xE4C;</subfield>
    <subfield code="x">&#xE1B;&#xE23;&#xE30;&#xE27;&#xE31;&#xE15;&#xE34;&#xE41;&#xE25;&#xE30;&#xE27;&#xE34;&#xE08;&#xE32;&#xE23;&#xE13;&#xE4C;</subfield>
  </datafield>
  <datafield tag="700" ind1="0" ind2=" ">
    <subfield code="9">63128</subfield>
    <subfield code="a">&#xE0A;&#xE31;&#xE22;&#xE27;&#xE31;&#xE12;&#xE19;&#xE4C; &#xE27;&#xE34;&#xE1A;&#xE39;&#xE25;&#xE22;&#xE4C;&#xE2A;&#xE27;&#xE31;&#xE2A;&#xE14;&#xE34;&#xE4C;</subfield>
  </datafield>
  <datafield tag="850" ind1=" " ind2=" ">
    <subfield code="a">NALT</subfield>
  </datafield>
  <datafield tag="942" ind1=" " ind2=" ">
    <subfield code="2">lcc</subfield>
    <subfield code="c">GB</subfield>
  </datafield>
  <datafield tag="996" ind1=" " ind2=" ">
    <subfield code="a">kornsiririn.r</subfield>
    <subfield code="b">CATSTF	</subfield>
    <subfield code="c">2023-12-08</subfield>
  </datafield>
  <datafield tag="996" ind1=" " ind2=" ">
    <subfield code="a">phornvitoo</subfield>
    <subfield code="b">CATSTF	</subfield>
    <subfield code="c">2024-02-24</subfield>
  </datafield>
  <datafield tag="999" ind1=" " ind2=" ">
    <subfield code="c">98696</subfield>
    <subfield code="d">98696</subfield>
  </datafield>
  <datafield tag="998" ind1=" " ind2=" ">
    <subfield code="j">8</subfield>
    <subfield code="k"> &#xE19;&#xE32;&#xE22;&#xE1A;&#xE31;&#xE13;&#xE11;&#xE34;&#xE15;  &#xE2D;&#xE38;&#xE17;&#xE32;&#xE27;&#xE07;&#xE04;&#xE4C;</subfield>
  </datafield>
  <datafield tag="952" ind1=" " ind2=" ">
    <subfield code="0">0</subfield>
    <subfield code="1">0</subfield>
    <subfield code="2">lcc</subfield>
    <subfield code="4">0</subfield>
    <subfield code="7">0</subfield>
    <subfield code="8">CSEN</subfield>
    <subfield code="a">NALT</subfield>
    <subfield code="b">NALT</subfield>
    <subfield code="c">GEN</subfield>
    <subfield code="d">2021-11-30</subfield>
    <subfield code="l">1</subfield>
    <subfield code="m">1</subfield>
    <subfield code="o">AC 159 &#xE27;617&#xE04; 2545</subfield>
    <subfield code="p">0100005419001</subfield>
    <subfield code="r">2024-05-24 00:00:00</subfield>
    <subfield code="s">2024-05-14</subfield>
    <subfield code="w">2021-11-30</subfield>
    <subfield code="y">GB</subfield>
  </datafield>
</record>
